00835nam a2200241 a 450000100100000000500170001000800410002702000150006804000250008304100390010808200240014710000190017124000410019024500480023125000340027926000590031330000210037250400740039353400670046765000140053465000260054865000190057400002349420260115123814.0101209s1987 ag r 000 0 spa d a0311461085 aDO-SdBNPbspacBNPHU17aspaheng2Código de idiomas MARC a152.42bG738s, 19871 aGraham, Billy,14aThe secret of happiness.lEspañol.13aEl secreto de la felicidad /cBilly Graham. aEdición revisada y ampliada aBuenos Aires :bCasa Bautista de Publicaciones,c1987. a172 p. ;c22 cm. aIncluye referencias bibliográficas y notas al pie de las páginas. pTítulo original en inglés:tThe secret of happiness.c1955 0aFelicidad 0aValores (Filosofía) 0aVida cristiana